[Event "EIRCC 2019"]
[Site "Tallinn"]
[Date "2019.12.06"]
[Round "12.16"]
[White "Sanal, Vahap"]
[Black "Van Foreest, Lucas"]
[Result "1-0"]
[WhiteElo "2597"]
[BlackElo "2399"]
[Annotator "RC"]
[PlyCount "87"]
[EventDate "2019.12.05"]
[EventType "swiss"]
[EventCountry "EST"]
[SourceTitle "playchess.com"]
[Source "ChessBase"]
[SourceQuality "1"]
[TimeControl "900+10"]

1. e4 {[%emt 0:00:00]} b6 {[%emt 0:00:00]} 2. d4 {[%emt 0:00:00]} Bb7 {[%emt 0:00:00]} 3. Bd3 {[%emt 0:00:00]} g6 {[%emt 0:00:00]} 4. Bg5 {[%emt 0:00:23]} Bg7 {[%emt 0:00:00]} 5. c3 {[%emt 0:00:15]} d6 {[%emt 0:00:01]} 6. Nd2 {[%emt 0:00:05]} Nd7 {[%emt 0:00:03]} 7. f4 {[%emt 0:00:08]} f5 {[%emt 0:00:06]} 8. Ngf3 {[%emt 0:00:40]} fxe4 {[%emt 0:00:06]} 9. Nxe4 {[%emt 0:00:14]} Ngf6 {[%emt 0:00:03]} 10. Qe2 {[%emt 0:00:22]} O-O {[%emt 0:00:12]} 11. O-O {[%emt 0:00:06]} c5 {[%emt 0:00:13]} 12. Bxf6 {[%emt 0:00:25]} Nxf6 {[%emt 0:00:21]} 13. Neg5 {[%emt 0:00:03]} Qd7 {[%emt 0:02:11]} 14. Bc4+ {[%emt 0:00:13]} Bd5 {[%emt 0:01:25]} 15. Ne6 {[%emt 0:00:27]} Qxe6 {[%emt 0:00:32]} 16. Qxe6+ {[%emt 0:00:01]} Bxe6 {[%emt 0:00:02]} 17. Bxe6+ {[%emt 0:00:02]} Kh8 {[%emt 0:00:00]} 18. Rae1 {[%emt 0:00:01]} Bh6 {[%emt 0:01:01]} 19. g3 {[%emt 0:00:04]} Rab8 {[%emt 0:00:18]} 20. Bb3 {[%emt 0:00:11]} Rb7 {[%emt 0:00:03]} 21. Ng5 {[%emt 0:00:02]} d5 {[%emt 0:00:35]} 22. Ne6 {[%emt 0:00:08]} Rc8 {[%emt 0:00:03]} 23. Re5 {[%emt 0:00:16]} c4 {[%emt 0:00:45]} 24. Bd1 {[%emt 0:00:15]} Rd7 {[%emt 0:00:12]} 25. Ba4 {[%emt 0:00:33]} Rd6 {[%emt 0:00:17]} 26. Ng5 {[%emt 0:00:07]} Bxg5 {[%emt 0:00:29]} 27. fxg5 {[%emt 0:00:01]} Ng8 {[%emt 0:00:02]} 28. Rf7 {[%emt 0:00:05]} b5 {[%emt 0:00:35]} 29. Bd1 {[%emt 0:00:02]} b4 {[%emt 0:00:12]} 30. Bg4 {[%emt 0:00:06]} bxc3 {[%emt 0:00:48]} 31. bxc3 {[%emt 0:00:19]} Rcc6 {[%emt 0:00:10]} 32. Bf3 {[%emt 0:00:25]} e6 {[%emt 0:00:20]} 33. Rxa7 {[%emt 0:00:01]} Rb6 {[%emt 0:00:03]} 34. h4 {[%emt 0:00:41]} Rb1+ {[%emt 0:00:55]} 35. Kg2 {[%emt 0:00:09]} Rdb6 {[%emt 0:00:22]} 36. Re2 {[%emt 0:01:06]} R1b2 {[%emt 0:02:12]} 37. a4 {[%emt 0:00:41]} Rxe2+ {[%emt 0:01:17]} 38. Bxe2 {[%emt 0:00:02]} e5 {[%emt 0:00:46]} 39. dxe5 {[%emt 0:00:05]} Re6 {[%emt 0:00:01]} 40. a5 {[%emt 0:00:27]} Rxe5 {[%emt 0:00:33]} 41. Bf3 {[%emt 0:00:07]} h6 {[%emt 0:01:15]} 42. a6 {[%emt 0:00:04]} d4 {[%emt 0:00:01]} 43. Rc7 {[%emt 0:00:09]} dxc3 {[%emt 0:00:34]} 44. a7 {[%emt 0:00:05]} 1-0

[Event "EIRCC 2019"]
[Site "Tallinn"]
[Date "2019.12.06"]
[Round "12.17"]
[White "Popov, Valerij"]
[Black "Vlassow, Valentin"]
[Result "1-0"]
[WhiteElo "2583"]
[BlackElo "2394"]
[Annotator "TA"]
[PlyCount "53"]
[EventDate "2019.12.05"]
[EventType "swiss"]
[EventCountry "EST"]
[SourceTitle "playchess.com"]
[Source "ChessBase"]
[SourceQuality "1"]

{[%evp 22,53,67,58,64,58,61,21,15,14,37,27,47,43,85,52,42,56,190,199,484,497,464,382,380,380,376,357,727,675,675,647,600,568]} 1. d4 d5 2. c4 dxc4 3. e3 e5 4. Bxc4 exd4 5. exd4 Nf6 6. Nf3 Bd6 7. Qe2+ Be7 8. O-O O-O 9. Nc3 Bg4 10. h3 Bxf3 11. Qxf3 Nc6 12. Be3 Nxd4 {C42: Petroff Defence: 3 Nxe5 and unusual White 3rd moves} 13. Qxb7 c5 14. Bxd4 (14. Rad1 {feels hotter.} Rb8 15. Qa6 Qc7 16. b3 Rfd8 17. Rfe1) (14. Nd5 Nxd5 15. Qxd5 Qxd5 16. Bxd5 Rad8 17. Bc4 Nc2 18. Rad1 Nxe3 19. fxe3 Rxd1 20. Rxd1 Rd8 21. Rf1 Rf8 22. b3 g6 23. e4 Kg7 24. e5 h5 {½-½ (24) Georgiev,K (2658)-Malakhatko,V (2524) Roquetas de Mar 2012}) 14... cxd4 {The position is equal.} 15. Rfd1 $146 ({Predecessor:} 15. Rad1 Rc8 16. b3 Rc7 17. Qf3 Rd7 18. Ne2 Bb4 19. Rd3 Qb6 20. Rfd1 {½-½ (38) Gromov,S (2191)-Aleksandrov,A RCCA email 2003}) 15... Bc5 16. Na4 Rb8 17. Qa6 Qe7 18. Nxc5 Qxc5 19. Rac1 {Bxf7+! is the strong threat.} Qg5 (19... Qe7 $1 $14) 20. Qxa7 $18 Nh5 $2 {[#]} (20... Rbd8 21. Bd3 Nd5) 21. Bxf7+ $1 {[%mdl 512]} Kh8 {White must now prevent ...Nf4!} (21... Rxf7 22. Qxb8+) 22. Bxh5 Qxh5 23. Qxd4 h6 24. b4 {[%cal Bb2b4,Bb4c5][%mdl 32]} Rb5 $2 {[#]} (24... Qg5 25. Rc5 Qf4 26. Qxf4 Rxf4) 25. a4 {White is clearly winning.} Rg5 26. Rc5 Rxc5 27. bxc5 {Accuracy: White = 77%, Black = 27%.} 1-0

[Event "EIRCC 2019"]
[Site "Tallinn"]
[Date "2019.12.06"]
[Round "12.18"]
[White "Babula, Vlastimil"]
[Black "Frischmann, Rick"]
[Result "1-0"]
[WhiteElo "2559"]
[BlackElo "2375"]
[Annotator "ChessBase"]
[PlyCount "61"]
[EventDate "2019.12.05"]
[EventType "swiss"]
[EventCountry "EST"]
[SourceTitle "playchess.com"]
[Source "ChessBase"]
[SourceQuality "1"]
[TimeControl "900+10"]

1. d4 {[%emt 0:00:00]} d5 {[%emt 0:00:00]} 2. c4 {[%emt 0:00:00]} Nc6 {[%emt 0:00:00]} 3. cxd5 {[%emt 0:00:05]} Qxd5 {[%emt 0:00:00]} 4. e3 {[%emt 0:00:05]} e5 {[%emt 0:00:00]} 5. Nc3 {[%emt 0:00:04]} Bb4 {[%emt 0:00:02]} 6. Bd2 {[%emt 0:00:04]} Bxc3 {[%emt 0:00:03]} 7. Bxc3 {[%emt 0:00:05]} exd4 {[%emt 0:00:03]} 8. Ne2 {[%emt 0:00:05]} Nf6 {[%emt 0:00:03]} 9. Nxd4 {[%emt 0:00:05]} O-O {[%emt 0:00:03]} 10. Nb5 {[%emt 0:00:10]} Qg5 {[%emt 0:00:03]} 11. h4 {[%emt 0:00:16]} Qh6 {[%emt 0:00:17]} 12. Qf3 {[%emt 0:00:15]} Bg4 {[%emt 0:02:32]} 13. Qg3 {[%emt 0:00:09]} a6 {[%emt 0:00:27]} 14. Nd4 {[%emt 0:00:50]} Nxd4 {[%emt 0:00:25]} 15. Bxd4 {[%emt 0:00:07]} Rfd8 {[%emt 0:00:10]} 16. Bc4 {[%emt 0:01:18]} Ne4 {[%emt 0:03:48]} 17. Qxg4 {[%emt 0:04:21]} Rxd4 {[%emt 0:00:03]} 18. Bxf7+ {[%emt 0:00:18]} Kxf7 {[%emt 0:02:06]} 19. O-O {[%emt 0:00:05]} Rb4 {[%emt 0:04:36]} 20. a3 {[%emt 0:00:10]} Rxb2 {[%emt 0:00:47]} 21. Qxe4 {[%emt 0:00:07]} Rf8 {[%emt 0:02:27]} 22. Rab1 {[%emt 0:02:52]} Rxb1 {[%emt 0:00:12]} 23. Rxb1 {[%emt 0:00:43]} b5 {[%emt 0:00:05]} 24. Rc1 {[%emt 0:00:39]} Kg8 {[%emt 0:00:13]} 25. Rxc7 {[%emt 0:01:07]} Qd6 {[%emt 0:00:19]} 26. Ra7 {[%emt 0:00:46]} Qd1+ {[%emt 0:00:18]} 27. Kh2 {[%emt 0:00:03]} Qd6+ {[%emt 0:00:04]} 28. f4 {[%emt 0:00:08]} Qxa3 {[%emt 0:00:14]} 29. Qe5 {[%emt 0:01:19]} Rf7 {[%emt 0:00:03]} 30. Qd5 {[%emt 0:00:03]} Qf8 {[%emt 0:00:19]} 31. Ra8 {[%emt 0:00:03]} 1-0

[Event "EIRCC 2019"]
[Site "Tallinn"]
[Date "2019.12.06"]
[Round "12.19"]
[White "Dragnev, Valentin"]
[Black "Ruck, Robert"]
[Result "0-1"]
[WhiteElo "2380"]
[BlackElo "2551"]
[Annotator "ChessBase"]
[PlyCount "76"]
[EventDate "2019.12.05"]
[EventType "swiss"]
[EventCountry "EST"]
[SourceTitle "playchess.com"]
[Source "ChessBase"]
[SourceQuality "1"]
[TimeControl "900+10"]

1. d4 {[%emt 0:00:00]} Nf6 {[%emt 0:00:00]} 2. c4 {[%emt 0:00:00]} e6 {[%emt 0:00:00]} 3. Nf3 {[%emt 0:00:00]} b6 {[%emt 0:00:01]} 4. g3 {[%emt 0:00:00]} Ba6 {[%emt 0:00:01]} 5. b3 {[%emt 0:00:00]} d5 {[%emt 0:00:04]} 6. Bg2 {[%emt 0:00:12]} dxc4 {[%emt 0:00:09]} 7. Ne5 {[%emt 0:00:02]} Bb4+ {[%emt 0:00:03]} 8. Kf1 {[%emt 0:00:02]} Bd6 {[%emt 0:00:03]} 9. Nxc4 {[%emt 0:00:12]} Nd5 {[%emt 0:00:10]} 10. Bf3 {[%emt 0:01:11]} f5 {[%emt 0:00:21]} 11. Kg2 {[%emt 0:00:43]} O-O {[%emt 0:00:06]} 12. Nxd6 {[%emt 0:00:06]} cxd6 {[%emt 0:00:03]} 13. Bxd5 {[%emt 0:02:09]} exd5 {[%emt 0:00:02]} 14. Ba3 {[%emt 0:00:01]} Qe7 {[%emt 0:01:07]} 15. Nc3 {[%emt 0:00:06]} Nd7 {[%emt 0:00:02]} 16. e3 {[%emt 0:00:08]} Nf6 {[%emt 0:00:11]} 17. Rc1 {[%emt 0:00:15]} Qe6 {[%emt 0:00:49]} 18. Re1 {[%emt 0:03:58]} Rf7 {[%emt 0:00:43]} 19. f3 {[%emt 0:00:36]} g5 {[%emt 0:00:22]} 20. Kg1 {[%emt 0:00:37]} Re8 {[%emt 0:01:20]} 21. Qd2 {[%emt 0:00:20]} g4 {[%emt 0:00:17]} 22. f4 {[%emt 0:02:02]} h5 {[%emt 0:00:02]} 23. Qg2 {[%emt 0:00:52]} Rh7 {[%emt 0:00:20]} 24. Nd1 {[%emt 0:00:20]} h4 {[%emt 0:06:01]} 25. gxh4 {[%emt 0:00:31]} Rxh4 {[%emt 0:01:07]} 26. Nf2 {[%emt 0:00:50]} Qd7 {[%emt 0:00:32]} 27. Rc3 {[%emt 0:00:45]} Rc8 {[%emt 0:01:51]} 28. Rxc8+ {[%emt 0:00:13]} Bxc8 {[%emt 0:00:02]} 29. Rc1 {[%emt 0:01:38]} Ba6 {[%emt 0:00:06]} 30. Rc2 {[%emt 0:00:04]} Kf7 {[%emt 0:00:49]} 31. Qg3 {[%emt 0:00:16]} Rh8 {[%emt 0:00:21]} 32. Qg2 {[%emt 0:00:22]} Ke6 {[%emt 0:01:23]} 33. Qg3 {[%emt 0:00:49]} Qb5 {[%emt 0:00:22]} 34. Rc1 {[%emt 0:00:02]} Qa5 {[%emt 0:00:10]} 35. Bb2 {[%emt 0:00:08]} Qd2 {[%emt 0:00:10]} 36. Ba3 {[%emt 0:00:14]} Qxa2 {[%emt 0:00:15]} 37. Bb4 {[%emt 0:00:47]} Qxb3 {[%emt 0:00:05]} 38. Be1 {[%emt 0:00:31]} Qb2 {[%emt 0:00:12]} 0-1

[Event "EIRCC 2019"]
[Site "Tallinn"]
[Date "2019.12.06"]
[Round "12.20"]
[White "Hjartarson, Johann"]
[Black "Putka, Verners"]
[Result "1-0"]
[WhiteElo "2534"]
[BlackElo "2358"]
[Annotator "TA"]
[PlyCount "53"]
[EventDate "2019.12.05"]
[EventType "swiss"]
[EventCountry "EST"]
[SourceTitle "playchess.com"]
[Source "ChessBase"]
[SourceQuality "1"]

{[%evp 9,53,8,9,11,16,18,28,25,18,20,19,21,21,28,38,15,50,56,54,43,59,27,39,37,48,41,179,179,175,61,153,103,87,87,93,50,810,811,1164,1146,1144,1122,1599,1608,29987,29988]} 1. e4 e5 2. Nf3 Nf6 3. Nxe5 d6 4. Nd3 (4. Nf3 Nxe4 5. Nc3 Nxc3 6. dxc3 Be7 7. Be3 Nc6 8. Qd2 Bf5 9. O-O-O Qd7 10. Bc4 Bf6 11. Nd4 Nxd4 12. Bxd4 Bxd4 13. Qxd4 O-O 14. Rhe1 b6 15. Bd5 Rae8 16. Qc4 {½-½ (30) Vachier Lagrave,M (2774)-Yu,Y (2763) Khanty-Mansiysk 2019}) 4... Nxe4 5. Qe2 Qe7 6. Nf4 {Nd5 is the strong threat. C42: Petroff Defence: 3 Nxe5 and unusual White 3rd moves} Nf6 7. d4 Bf5 $146 ({Predecessor:} 7... Qxe2+ 8. Bxe2 Bf5 9. c3 Nbd7 10. f3 h5 11. h4 d5 {1-0 (46) Motylev,A (2661)-Miroshnichenko,E (2606) Saint Louis 2018}) 8. Be3 {Threatens to win with Qb5+.White has an edge.} c6 9. Nc3 d5 10. f3 h5 11. O-O-O Nbd7 12. Qd2 Qb4 13. Bd3 Bxd3 14. Nxd3 Qa5 $1 15. Kb1 O-O-O 16. Rhe1 Re8 17. Bf4 $36 {[%mdl 2048] White fights for an advantage.} Bb4 ({Black should try} 17... Be7 $14) 18. Nxb4 $18 Qxb4 {[#]} 19. a3 (19. Ne4 $1 $18 Qxd2 20. Nd6+ {[%mdl 64] Double Attack, Discovered Attack} (20. Nxd2 b6 $11) 20... Kb8 21. Bxd2) 19... Qc4 (19... Qb6 $1 $14) 20. b3 Qa6 21. Kb2 Qb6 22. h4 Qd8 $2 {[%mdl 8192] [#]} (22... Rxe1 $14 23. Rxe1 Re8) 23. Nb5 $1 {[%cal Rb5a7][%mdl 512]} Nb6 (23... cxb5 24. Qc3+) 24. Nd6+ {[%mdl 64] Double Attack} Kd7 25. Nxf7 {[%mdl 64] Double Attack} Qa8 26. Qd3 {Threatening mate with Qf5+.} Re7 27. Qf5+ {Accuracy: White = 68%, Black = 30%.} 1-0

[Event "EIRCC 2019"]
[Site "Tallinn"]
[Date "2019.12.06"]
[Round "12.21"]
[White "Luukkonen, Tommi"]
[Black "Stocek, Jiri"]
[Result "0-1"]
[WhiteElo "2332"]
[BlackElo "2532"]
[Annotator "ChessBase"]
[PlyCount "80"]
[EventDate "2019.12.05"]
[EventType "swiss"]
[EventCountry "EST"]
[SourceTitle "playchess.com"]
[Source "ChessBase"]
[SourceQuality "1"]
[TimeControl "900+10"]

1. e4 {[%emt 0:00:00]} c5 {[%emt 0:00:00]} 2. Nf3 {[%emt 0:00:00]} d6 {[%emt 0:00:00]} 3. d4 {[%emt 0:00:00]} cxd4 {[%emt 0:00:00]} 4. Nxd4 {[%emt 0:00:00]} Nf6 {[%emt 0:00:00]} 5. Nc3 {[%emt 0:00:00]} a6 {[%emt 0:00:00]} 6. h3 {[%emt 0:00:00]} e6 {[%emt 0:00:04]} 7. g4 {[%emt 0:00:00]} h6 {[%emt 0:00:02]} 8. Bg2 {[%emt 0:00:02]} Qc7 {[%emt 0:00:49]} 9. Be3 {[%emt 0:00:07]} b5 {[%emt 0:00:12]} 10. a3 {[%emt 0:00:37]} Bb7 {[%emt 0:00:02]} 11. f4 {[%emt 0:00:40]} Nbd7 {[%emt 0:00:48]} 12. f5 {[%emt 0:00:56]} e5 {[%emt 0:00:19]} 13. Nde2 {[%emt 0:00:10]} Nb6 {[%emt 0:00:17]} 14. b3 {[%emt 0:00:22]} Rd8 {[%emt 0:00:14]} 15. Qd3 {[%emt 0:00:47]} Be7 {[%emt 0:00:38]} 16. a4 {[%emt 0:00:41]} bxa4 {[%emt 0:00:17]} 17. Nxa4 {[%emt 0:01:30]} Nxa4 {[%emt 0:00:03]} 18. Rxa4 {[%emt 0:00:01]} d5 {[%emt 0:00:28]} 19. O-O {[%emt 0:01:45]} O-O {[%emt 0:00:42]} 20. Ng3 {[%emt 0:02:04]} dxe4 {[%emt 0:01:58]} 21. Qe2 {[%emt 0:00:25]} Nd5 {[%emt 0:03:07]} 22. Rc4 {[%emt 0:00:20]} Qb8 {[%emt 0:00:40]} 23. f6 {[%emt 0:00:37]} Bxf6 {[%emt 0:00:47]} 24. Nxe4 {[%emt 0:00:01]} Be7 {[%emt 0:00:32]} 25. Bc5 {[%emt 0:02:19]} Bxc5+ {[%emt 0:01:03]} 26. Nxc5 {[%emt 0:00:02]} Nf4 {[%emt 0:00:39]} 27. Rfxf4 {[%emt 0:00:15]} Bxg2 {[%emt 0:00:03]} 28. Rf2 {[%emt 0:00:20]} Bd5 {[%emt 0:00:21]} 29. Rc3 {[%emt 0:00:07]} Qb4 {[%emt 0:00:43]} 30. Qe3 {[%emt 0:00:12]} Ba8 {[%emt 0:01:05]} 31. Rc4 {[%emt 0:00:42]} Qb6 {[%emt 0:00:16]} 32. Kh2 {[%emt 0:00:29]} Rfe8 {[%emt 0:00:23]} 33. g5 {[%emt 0:00:10]} hxg5 {[%emt 0:00:37]} 34. Qxg5 {[%emt 0:00:01]} Rd6 {[%emt 0:00:16]} 35. Qh5 {[%emt 0:00:23]} Bd5 {[%emt 0:00:30]} 36. Rc3 {[%emt 0:00:44]} Rc6 {[%emt 0:00:33]} 37. b4 {[%emt 0:01:27]} Qxb4 {[%emt 0:00:04]} 38. Ne6 {[%emt 0:00:21]} g6 {[%emt 0:00:36]} 39. Rg3 {[%emt 0:00:37]} Rexe6 {[%emt 0:00:43]} 40. Rxf7 Rxc2+ {[%emt 0:00:06]} 0-1

[Event "EIRCC 2019"]
[Site "Tallinn"]
[Date "2019.12.06"]
[Round "12.22"]
[White "Pershin, Denis"]
[Black "Blohberger, Felix"]
[Result "0-1"]
[WhiteElo "2509"]
[BlackElo "2316"]
[Annotator "ChessBase"]
[PlyCount "154"]
[EventDate "2019.12.05"]
[EventType "swiss"]
[EventCountry "EST"]
[SourceTitle "playchess.com"]
[Source "ChessBase"]
[SourceQuality "1"]
[TimeControl "900+10"]

1. d4 {[%emt 0:02:06]} f5 {[%emt 0:00:00]} 2. c4 {[%emt 0:00:11]} Nf6 {[%emt 0:00:00]} 3. Nc3 {[%emt 0:00:04]} e6 {[%emt 0:00:00]} 4. g3 {[%emt 0:00:02]} Bb4 {[%emt 0:00:00]} 5. Bd2 {[%emt 0:00:07]} O-O {[%emt 0:00:08]} 6. Bg2 {[%emt 0:00:02]} d6 {[%emt 0:00:02]} 7. a3 {[%emt 0:00:25]} Bxc3 {[%emt 0:00:01]} 8. Bxc3 {[%emt 0:00:01]} Ne4 {[%emt 0:00:06]} 9. Qc2 {[%emt 0:00:02]} Nxc3 {[%emt 0:00:02]} 10. Qxc3 {[%emt 0:00:01]} Qe7 {[%emt 0:00:01]} 11. Nf3 {[%emt 0:00:30]} Nc6 {[%emt 0:00:03]} 12. O-O {[%emt 0:00:50]} e5 {[%emt 0:00:02]} 13. d5 {[%emt 0:00:02]} Nb8 {[%emt 0:00:08]} 14. c5 {[%emt 0:00:09]} f4 {[%emt 0:00:25]} 15. cxd6 {[%emt 0:00:09]} cxd6 {[%emt 0:00:01]} 16. Rac1 {[%emt 0:02:08]} Bg4 {[%emt 0:00:06]} 17. Qc7 {[%emt 0:00:04]} Nd7 {[%emt 0:00:02]} 18. Nd2 {[%emt 0:00:05]} fxg3 {[%emt 0:01:26]} 19. hxg3 {[%emt 0:00:25]} Bxe2 {[%emt 0:01:05]} 20. Rfe1 {[%emt 0:00:00]} Bd3 {[%emt 0:00:08]} 21. Bh3 {[%emt 0:02:23]} Qf6 {[%emt 0:00:06]} 22. f3 {[%emt 0:01:29]} Nb6 {[%emt 0:01:14]} 23. Be6+ {[%emt 0:01:09]} Kh8 {[%emt 0:00:01]} 24. Re3 {[%emt 0:00:37]} e4 {[%emt 0:01:19]} 25. f4 {[%emt 0:02:48]} Qd4 {[%emt 0:01:30]} 26. Kf2 {[%emt 0:00:01]} Nxd5 {[%emt 0:00:04]} 27. Bxd5 {[%emt 0:00:07]} Qxd5 {[%emt 0:00:01]} 28. Qc3 {[%emt 0:00:51]} Rae8 {[%emt 0:01:32]} 29. Nb3 {[%emt 0:00:23]} Qh5 {[%emt 0:00:06]} 30. Kg2 {[%emt 0:00:05]} Be2 {[%emt 0:00:13]} 31. Nd4 {[%emt 0:00:03]} Bf3+ {[%emt 0:00:01]} 32. Nxf3 {[%emt 0:00:16]} exf3+ {[%emt 0:00:02]} 33. Rxf3 {[%emt 0:00:08]} Re2+ {[%emt 0:00:08]} 34. Rf2 {[%emt 0:00:01]} Rfe8 {[%emt 0:00:16]} 35. Rcf1 {[%emt 0:00:10]} h6 {[%emt 0:01:02]} 36. Qd4 {[%emt 0:00:04]} Rxf2+ {[%emt 0:00:14]} 37. Rxf2 {[%emt 0:00:07]} Re1 {[%emt 0:00:02]} 38. Rf1 {[%emt 0:00:12]} Qe2+ {[%emt 0:00:02]} 39. Rf2 {[%emt 0:00:01]} Qh5 {[%emt 0:01:19]} 40. Rf1 {[%emt 0:00:02]} Rxf1 {[%emt 0:00:10]} 41. Kxf1 {[%emt 0:00:01]} Qf3+ {[%emt 0:00:09]} 42. Ke1 {[%emt 0:00:27]} Qxg3+ {[%emt 0:00:02]} 43. Ke2 {[%emt 0:00:00]} Qg2+ {[%emt 0:00:17]} 44. Kd3 {[%emt 0:00:19]} a6 {[%emt 0:00:31]} 45. Qxd6 {[%emt 0:00:14]} Qxb2 {[%emt 0:00:23]} 46. Qf8+ {[%emt 0:00:30]} Kh7 {[%emt 0:00:01]} 47. Qf5+ {[%emt 0:00:22]} g6 {[%emt 0:00:01]} 48. Qd7+ {[%emt 0:00:21]} Qg7 {[%emt 0:00:02]} 49. Qe6 {[%emt 0:00:01]} h5 {[%emt 0:00:13]} 50. Ke2 {[%emt 0:00:51]} Qb2+ {[%emt 0:00:13]} 51. Kd1 {[%emt 0:01:39]} Qd4+ {[%emt 0:01:15]} 52. Kc2 {[%emt 0:00:11]} Qxf4 {[%emt 0:00:08]} 53. Qe7+ {[%emt 0:00:01]} Kh6 {[%emt 0:00:01]} 54. Qxb7 {[%emt 0:00:01]} Qa4+ {[%emt 0:00:01]} 55. Kd2 {[%emt 0:00:14]} Qxa3 {[%emt 0:00:05]} 56. Qf7 {[%emt 0:00:03]} Qa5+ {[%emt 0:00:12]} 57. Kd1 {[%emt 0:00:07]} Qf5 {[%emt 0:00:05]} 58. Qg8 {[%emt 0:00:07]} Qf6 {[%emt 0:00:07]} 59. Ke2 {[%emt 0:00:14]} a5 {[%emt 0:00:07]} 60. Qa8 {[%emt 0:00:07]} Qf5 {[%emt 0:00:59]} 61. Qh8+ {[%emt 0:00:07]} Kg5 {[%emt 0:00:01]} 62. Qd8+ {[%emt 0:00:02]} Kg4 {[%emt 0:00:03]} 63. Qd4+ {[%emt 0:00:04]} Qf4 {[%emt 0:00:04]} 64. Qd7+ {[%emt 0:00:25]} Kh4 {[%emt 0:00:28]} 65. Qd8+ {[%emt 0:00:25]} Qg5 {[%emt 0:00:05]} 66. Qc7 {[%emt 0:00:02]} Qg4+ {[%emt 0:00:10]} 67. Kf2 {[%emt 0:00:05]} Qf5+ {[%emt 0:00:35]} 68. Kg2 {[%emt 0:00:01]} Qg5+ {[%emt 0:00:27]} 69. Kf3 {[%emt 0:00:18]} Kh3 {[%emt 0:00:19]} 70. Qg7 {[%emt 0:00:42]} h4 {[%emt 0:00:08]} 71. Qg8 {[%emt 0:00:14]} a4 {[%emt 0:00:11]} 72. Kf2 {[%emt 0:00:13]} Qf5+ {[%emt 0:00:11]} 73. Kg1 {[%emt 0:00:03]} Kg3 {[%emt 0:00:23]} 74. Qb8+ {[%emt 0:00:17]} Qf4 {[%emt 0:00:02]} 75. Qb2 {[%emt 0:00:03]} Qe3+ {[%emt 0:00:17]} 76. Kf1 {[%emt 0:00:05]} Qf3+ {[%emt 0:00:13]} 77. Ke1 {[%emt 0:00:01]} Qh1+ {[%emt 0:00:01]} 0-1

[Event "EIRCC 2019"]
[Site "Tallinn"]
[Date "2019.12.06"]
[Round "12.23"]
[White "Chukavin, Kirill"]
[Black "Sebenik, Matej"]
[Result "0-1"]
[WhiteElo "2290"]
[BlackElo "2504"]
[Annotator "ChessBase"]
[PlyCount "92"]
[EventDate "2019.12.05"]
[EventType "swiss"]
[EventCountry "EST"]
[SourceTitle "playchess.com"]
[Source "ChessBase"]
[SourceQuality "1"]
[TimeControl "900+10"]

1. e4 {[%emt 0:00:00]} e6 {[%emt 0:00:00]} 2. d4 {[%emt 0:00:00]} d5 {[%emt 0:00:00]} 3. Nd2 {[%emt 0:00:00]} c5 {[%emt 0:00:00]} 4. exd5 {[%emt 0:00:00]} Qxd5 {[%emt 0:00:02]} 5. Ngf3 {[%emt 0:00:00]} cxd4 {[%emt 0:00:04]} 6. Bc4 {[%emt 0:00:00]} Qd6 {[%emt 0:00:09]} 7. O-O {[%emt 0:00:05]} Nf6 {[%emt 0:00:01]} 8. Nb3 {[%emt 0:00:01]} Nc6 {[%emt 0:00:03]} 9. Nbxd4 {[%emt 0:00:03]} Nxd4 {[%emt 0:00:01]} 10. Nxd4 {[%emt 0:00:03]} a6 {[%emt 0:00:03]} 11. Re1 {[%emt 0:00:29]} Qc7 {[%emt 0:00:04]} 12. Bd3 {[%emt 0:00:23]} Bd6 {[%emt 0:00:26]} 13. h3 {[%emt 0:00:46]} O-O {[%emt 0:01:10]} 14. c3 {[%emt 0:01:26]} Bh2+ {[%emt 0:02:36]} 15. Kh1 {[%emt 0:00:09]} Bf4 {[%emt 0:00:02]} 16. Qf3 {[%emt 0:01:16]} Bxc1 {[%emt 0:00:02]} 17. Raxc1 {[%emt 0:00:02]} Bd7 {[%emt 0:00:09]} 18. Bb1 {[%emt 0:00:42]} Rad8 {[%emt 0:00:12]} 19. Qe2 {[%emt 0:00:44]} Bc8 {[%emt 0:01:00]} 20. Nf3 {[%emt 0:04:06]} b6 {[%emt 0:00:58]} 21. Rcd1 {[%emt 0:00:11]} Bb7 {[%emt 0:00:05]} 22. Rxd8 {[%emt 0:00:04]} Rxd8 {[%emt 0:00:02]} 23. Rd1 {[%emt 0:00:02]} Rxd1+ {[%emt 0:01:30]} 24. Qxd1 {[%emt 0:00:01]} Kf8 {[%emt 0:00:27]} 25. Kg1 {[%emt 0:00:14]} a5 {[%emt 0:00:09]} 26. Ne1 {[%emt 0:01:33]} Ke7 {[%emt 0:00:18]} 27. Nc2 {[%emt 0:00:20]} Qc5 {[%emt 0:02:57]} 28. Ne3 {[%emt 0:01:20]} g5 {[%emt 0:00:06]} 29. Bd3 {[%emt 0:00:31]} h6 {[%emt 0:01:58]} 30. Be2 {[%emt 0:00:16]} Nd5 {[%emt 0:00:01]} 31. Nc2 {[%emt 0:01:30]} Nf4 {[%emt 0:00:32]} 32. Bf3 {[%emt 0:00:53]} Bxf3 {[%emt 0:00:02]} 33. Qxf3 {[%emt 0:00:01]} Qd5 {[%emt 0:00:01]} 34. Qxd5 {[%emt 0:00:13]} exd5 {[%emt 0:00:26]} 35. Ne3 {[%emt 0:01:54]} Ke6 {[%emt 0:00:04]} 36. Kf1 {[%emt 0:00:04]} Nd3 {[%emt 0:00:07]} 37. Nd1 {[%emt 0:00:05]} f5 {[%emt 0:00:13]} 38. Ke2 {[%emt 0:00:15]} Nc5 {[%emt 0:00:55]} 39. b4 {[%emt 0:00:20]} Ne4 {[%emt 0:00:23]} 40. Kd3 {[%emt 0:00:36]} f4 {[%emt 0:00:58]} 41. bxa5 {[%emt 0:00:20]} bxa5 {[%emt 0:00:00]} 42. Kd4 {[%emt 0:00:09]} Nd2 {[%emt 0:00:46]} 43. Kc5 {[%emt 0:00:27]} h5 {[%emt 0:00:45]} 44. Kd4 {[%emt 0:00:17]} a4 {[%emt 0:01:00]} 45. Nb2 {[%emt 0:00:11]} a3 {[%emt 0:00:01]} 46. Nd3 {[%emt 0:00:10]} Nb3+ {[%emt 0:00:23]} 0-1